| 000 | 00711nam a22002177a 4500 | ||
|---|---|---|---|
| 003 | OSt | ||
| 005 | 20140310182504.0 | ||
| 008 | 130807t xxu||||| |||| 00| 0 eng d | ||
| 020 | _a9780763750145 | ||
| 050 |
_aRJ 216 _b.L355 2009 |
||
| 100 |
_aLauwers, Judith _98807 |
||
| 245 |
_aQuick Reference for the Lactation Professional / _cJudith Lauwers. |
||
| 260 |
_aUSA : _bJones and Bartlett Publishers, _cc2009. |
||
| 300 |
_a276 p. : _bill. ; _c18 cm. |
||
| 650 |
_aBreast Feeding _xHandbooks. _98808 |
||
| 650 |
_aCounseling _xmethods _xhandbooks. _98809 |
||
| 650 |
_aLactation _xhandbooks. _98810 |
||
| 650 |
_aPatient Education as Topic _xmethods _xhandbooks. _98811 |
||
| 942 |
_2lcc _cSSLC |
||
| 999 |
_c13838 _d13838 |
||